000
00271nam a2200109Ia 4500
008
200302s9999 xx 000 0 und d
100
_a
Peter Lord & Other
245
_a
The Architecture of Sound
260
_b
The Architectural Press Ltd.
260
_c
1986
300
_a
300 P.,
999
_c
837
_d
837